Los grupos de conquistadores en tierra firme, 1509-1530: fisonomía histórico social de un tipo de conquista

Salvato in:
Dettagli Bibliografici
Autore principale: Góngora del Campo, Mario (autor)
Natura: Libro
Lingua:spagnolo
Pubblicazione: Santiago, Chile Universidad de Chile 1962
Soggetti:
Tags: Aggiungi Tag
Nessun Tag, puoi essere il primo ad aggiungerne!!

MARC

LEADER 00000nam a2200000 a 4500
001 UCO2796
003 CL-VaPUC
005 20240313123608.0
008 000608e19620000CL |||||||||||||||||spa|d
999 |c 289291  |d 289289 
040 |c Pontificia Universidad Católica de Valparaíso 
082 0 4 |a 980.013 GON 1962  |2 21 
100 |a Góngora del Campo, Mario  |e autor  |9 589641 
245 1 4 |a Los grupos de conquistadores en tierra firme, 1509-1530:  |b  fisonomía histórico social de un tipo de conquista 
260 |a Santiago, Chile  |b Universidad de Chile  |c 1962 
300 |a 148 páginas 
583 |a last modification  |c 20160817 04:51:48  |k Rodrigo Vera 
650 7 |a Historia de América  |2 CL-VaPUC  |9 317731  |y Siglo 16 
650 0 |a Descubrimiento y Conquista de América  |z América  |9 446281 
852 |a BIBCUR 
942 |c BK  |2 ddc 
945 |d 20000608 00:00:00  |a rherrera 
952 |0 0  |1 0  |2 ddc  |4 0  |6 980_013000000000000_GON_1962  |7 0  |8 R  |9 337565  |a BIBHIS  |b BIBHIS  |d 2019-11-20  |i 1287508  |o 980.013 GON 1962  |p 1287508  |r 2024-01-30  |t 1  |w 2019-11-20  |y BK_R  |k HIS 
952 |0 0  |1 0  |2 ddc  |4 0  |6 980_013000000000000_GON_1962  |7 0  |8 R  |9 337566  |a BIBHIS  |b BIBHIS  |d 2019-11-20  |i 1294350  |l 3  |o 980.013 GON 1962  |p 1294350  |r 2024-01-30  |s 2022-11-17  |t 2  |w 2019-11-20  |y BK_R  |k HIS